000 01071nam a2200229 i 4500
001 83120
003 ES-MaACL
005 20250812041912.0
007 t|
008 180601s1921 sp ||||1| spa d
100 1 _aVega del Sella, Ricardo
_cDuque de Estrada y Martínez de Morentín, Conde de la Vega del Sella.
_9164836
245 1 3 _aEl Paleolítico de Cueva Morín (Santander) y notas para la climatología cuaternaria /
_cpor el Conde de la Vega del Sella.
260 _aMadrid :
_bMuseo Nacional de Ciencias Naturales,
_c1921.
300 _a168 p., 2 h. lam. :
_bil. ;
_c27 cm.
490 1 _aComisión de Investigaciones Paleontológicas y Prehistóricas. Memoria ;
_v29, Serie prehistórica, 25
650 4 _aPaleoclimatología.
_9164891
650 0 4 _aArte prehistórico-
_zCantabria (Comunidad Autónoma)
_910272
651 4 _aCueva Morín (Cantabria)
_9164892
830 0 0 _aComisión de Investigaciones Paleontológicas y Prehistóricas. Memoria
_v29, Serie prehistórica, 25
_9183771
852 _aES-MaACL
_jB-13007(1)
999 _c83120
_d83120